[Event "Rubinstein Memorial-D 54th"]
[Site "Polanica Zdroj"]
[Date "2018.08.23"]
[Round "6"]
[White "Walaszczyk, Mikolaj"]
[Black "Cieply, Krzysztof"]
[Result "1/2-1/2"]
[WhiteElo "1217"]
[BlackElo "1400"]
[PlyCount "102"]
[EventDate "2018.08.18"]
[EventType "swiss"]
[EventRounds "9"]
[EventCountry "POL"]
[SourceTitle "EXT 2020"]
[Source "ChessBase"]
[SourceDate "2019.10.17"]
[SourceVersion "1"]
[SourceVersionDate "2019.10.17"]
[SourceQuality "1"]

1. e4 c5 2. c4 e6 3. Nf3 Nc6 4. d4 cxd4 5. Nxd4 Nf6 6. Nc3 Bb4 7. Nxc6 bxc6 8. Bd3 0-0 9. 0-0 Bxc3 10. bxc3 d5 11. cxd5 cxd5 12. exd5 Nxd5 13. Be4 Rb8 14. Bxd5 exd5 15. Re1 Be6 16. Be3 Rb7 17. Qd4 Qd7 18. Rab1 Rfb8 19. Rxb7 Rxb7 20. h3 h6 21. Bf4 Rb2 22. a3 Ra2 23. Bc1 a5 24. Qe3 Qb5 25. Qg3 Kh8 26. Qe3 Rc2 27. Qe5 Kh7 28. Be3 Qd3 29. Bd4 Qg6 30. Qg3 Qxg3 31. fxg3 Bf5 32. Rf1 Kg6 33. Rf2 a4 34. Rxc2 Bxc2 35. Kf2 f6 36. Bc5 Kf7 37. Bb4 g6 38. Bc5 Ke6 39. Bb4 f5 40. Bc5 h5 41. Bb4 Ke5 42. Ke3 Ke6 43. Kf2 Kd7 44. Kf3 Be4+ 45. Kf2 Kc6 46. Kf1 Kb5 47. Kf2 Kc4 48. Kf1 Kd3 49. Kf2 Kc2 50. Kf1 Kd2 51. c4+ Kc1 1/2-1/2